000 00489nam a2200181Ia 4500
001 7659
005 20260306160511.0
008 260306t2014||||xx |||||||||||||| ||spa||
041 _aESP
082 _a353.5334
_bB25
100 _aBarrios Napurí, Carlos
_eAUT
245 0 _aGuía de orientación en saneamiento básico:
_bpara alcaldías de municipios rurales y pequeñas comunidades
260 _c2014
300 _a
_c
650 _aGEN
654 _aCAN
942 _cLIB
_dJUS
_fJUS
_2ddc
_n
999 _c7659
_d7659